000 00694nam a2200229Ia 4500
003 GCL
008 140319s9999 xx 000 0 ara d
040 _aGCL /
_cGCL
082 0 4 _a953.071
_bا د
100 1 _aامين توفيق الطيبى
245 1 0 _aدراسات وبحوث فى تاريخ المغرب والاندلس /
_cامين توفيق الطيبى
260 _a[S.N] :
_bالدار العربية للكتاب ،
_c1984
300 _a343 ص
490 _a
650 0 4 _aتاريخ
650 0 4 _aالاندلس
650 0 4 _aالمغرب
650 0 4 _aالتاريخ الاسلامى
650 0 4 _aفتح الاندلس
650 0 4 _aصقلية
942 _2ddc
_cBK
999 _c35196
_d35196